Matematika pre 3. ročník špeciálnych základných škôl 1. časť

Bibliographic Details
Main Author: Rýglová, Janka (Author)
Other Authors: Kováčik, Ivan (Illustrator)
Format: Book
Language:Slovak
PhysicalDescription:96 s. fareb. ilustr. 29 cm
Published: Bratislava Slovenské pedagogické nakladateľstvo 2007
ISBN:9788010012152
Edition:8. vyd.
Subjects:

MARC

LEADER 00000nam a2200000 a 4500
001 vtls009006440
003 SK-MaSNL
005 20260301081102.0
008 240315s2007 xo a c p 000 0 slo
015 |a SNBA2007/09-04084 
020 |a 9788010012152  |q (brož.) 
035 |a 31694B45-540B-4CBA-A48A-12E5F68A8988 
035 |a urn:nbn:sk:snk-amjv7n 
035 |a urn:nbn:sk:snk-am007yw5 
040 |a SNK  |b slo  |c SNK  |e AACR2 
041 0 |a slo 
044 |a xo  |c SK 
072 7 |a 51  |x Matematika  |2 konspekt 
080 |a 51  |2 2001 
080 |a (075.2)  |2 2001 
100 1 |a Rýglová, Janka  |4 aut  |9 46633 
245 1 0 |a Matematika pre 3. ročník špeciálnych základných škôl  |n 1. časť  |c [Janka Rýglová ; ilustrácie Ivan Kováčik] 
250 |a 8. vyd. 
260 |a Bratislava  |b Slovenské pedagogické nakladateľstvo  |c 2007 
300 |a 96 s.  |b fareb. ilustr.  |c 29 cm 
650 0 7 |a matematika  |2 SNKPH  |9 70174 
650 0 7 |a Mathematics  |2 SNKPHeng  |9 265620 
655 7 |a učebnice špeciálnych základných škôl  |2 SNKPH  |9 70204 
655 7 |a Textbooks (elementary)  |2 SNKPHeng  |9 276977 
700 1 |a Kováčik, Ivan  |4 ill  |9 6562 
919 |a 978-80-10-01215-2 
968 |d 37 
999 |c 654939  |d 656869 
952 |a SNK  |b SNK  |y PREZ  |7 0  |p 17A0558532  |o snkSB 74783/1  |i snk2007/17189  |8 0  |0 0  |1 0  |4 0  |d 2007-07-11  |f 1  |l 0  |r 2025-04-25 00:00:00  |w 2026-02-23 
952 |a SNK  |b SNK  |y VYP  |7 0  |p 17A0558534  |o snkSB 74783/1 D1  |i snk2007/17190  |8 0  |0 0  |1 0  |4 0  |d 2007-07-11  |l 0  |r 2016-06-30 00:00:00  |w 2026-02-23